Teoria y problemas de Graficas por computadora. / Roy A. Plastock (Registro nro. 12021)
[ vista simple ]
| 000 -LÍDER | |
|---|---|
| fixed length control field | 00582nam a2200181 4500 |
| 008 - ELEMENTOS DE LONGITUD FIJA -- INFORMACIÓN GENERAL | |
| fixed length control field | 01987 1987 0a 000 0MEX |
| 020 ## - NÚMERO INTERNACIONAL NORMALIZADO PARA LIBROS | |
| ISBN | 968-422-234-3 |
| 050 ## - SIGNATURA TOPOGRAFICA DE LA BIBLIOTECA DEL CONGRESO (LC) | |
| Número de Clasificación | T385 P5318 |
| 082 ## - NUMERO DE CLASIFICACION DECIMAL DEWEY | |
| Número de Clasificación | 001.642 P625t |
| 100 ## - ASIENTO PRINCIPAL--NOMBRE PERSONAL | |
| Nombre personal | Plastock, Roy A. |
| 245 ## - TÍTULO | |
| Título | Teoria y problemas de Graficas por computadora. / Roy A. Plastock |
| 250 ## - MENCIÓN DE EDICIÓN | |
| Mención de edición | 2 / Serie Schaum |
| 260 ## - PUBLICACIÓN, DISTRIBUCIÓN, ETC. (PIE DE IMPRENTA) | |
| Lugar de publicación, distribución, etc. | México : McGraw-Hill |
| 300 ## - DESCRIPCIÓN FÍSICA | |
| Extensión | ix, 348 p. / 28 cm |
| 500 ## - NOTA GENERAL | |
| Nota general | Incluye contenido, apendice, indice |
| 650 ## - ASIENTO SECUNDARIO DE MATERIA - TERMINO TEMÁTICO | |
| Término temático o nombre geográfico como elemento de entrada | 1. GRAFICAS POR COMPUTADORAS |
| 700 ## - ASIENTO SECUNDARIO - NOMBRE PERSONAL | |
| Nombre personal | Kalley, Gordon \ Fournier Maria de Lourdes Trn |
| No. biblioteca | No. biblioteca | Número de clasificación | Código de barras/Número de adquisición | Número de copia | Tipo de material |
|---|---|---|---|---|---|
| LUIS G. INCLAN | LUIS G. INCLAN | 001.642 P625t | 12588 | 1 | Libros |
| LUIS G. INCLAN | LUIS G. INCLAN | 001.642 P625t | 17931 | 5 | Libros |
| LUIS G. INCLAN | LUIS G. INCLAN | 001.642 P625t | 17932 | 6 | Libros |
| LUIS G. INCLAN | LUIS G. INCLAN | 001.642 P625t | 21823 | 10 | Libros |
| LUIS G. INCLAN | LUIS G. INCLAN | 001.642 P625t | 27374 | 14 | Libros |
